01015cam a2200241 a 450000100100000000500170001000800410002704000250006808200180009310000340011124000710014524501290021626000300034530000210037550000350039659000760043165000310050765000350053870000330057391000310060695201210063799900150075800000190320200929145742.0760609s1979 mx b 001 f spa  aDO-SdBNPbspacBNPHU a813.54bH745r1 aHollowell, John,d1945-96201 0aFact & fiction: the new journalism and the fition novellEspañol10aRealidad o ficción :bel nuevo periodismo y la novela de no ficción /cJohn Hollowell ; traducción Ma. Elísa Moreno. aMéxico :bNoema,c1979. a239 p. ;c22 cm. aTítulo original en inglés. aPerteneció a la biblioteca personal de Juan Isidro Jimenes Grullón. 4aNovela estadounidense9262 4aLiteratura estadounidense92631 aMoreno, Ma. Elisaetr.96202 acontrol de calidad Mfileto 001052708MOaGRbGRcCTd2009-09-22iLF1l0o813.54 H745rp1903-10r2020-06-25w2020-06-25y2ZPréstamo interno c1774d1774